000 00296nam a2200121Ia 4500
008 211105s9999 xx 000 0 und d
020 _aVYASA14497
100 _aNarayana G.
245 4 _aThe Responsible Leader
250 _a4th
260 _bAhmedabad Management Association
_c\N
300 _a54p.
999 _c11848
_d11848